| 000 | 01147nam a2200325 i 4500 | ||
|---|---|---|---|
| 001 | 000010323 | ||
| 003 | DO-SdBNP | ||
| 005 | 20250717074015.0 | ||
| 007 | ta | ||
| 008 | 091006s1986 dr a r 001 p spa d | ||
| 040 |
_aDO-SdBNP _bspa _cBNPHU _erda |
||
| 041 | _hspa | ||
| 082 | 4 |
_aRD861.44 _bD948p _222 |
|
| 100 | 1 |
_aDurán, José S., _d1963- _eautor _4aut. _925339 |
|
| 245 | 1 | 0 |
_aEn primavera dos intentos / _cJosé S. Durán ; prólogo, José Galván. |
| 264 | 4 |
_aSanto Domingo : _bBiblioteca Nacional Pedro Henríquez Ureña (BNPHU), _c©1986. |
|
| 300 |
_a50 páginas : _bilustraciones ; _c21 cm. |
||
| 336 |
_atexto _btxt _2rdacontent |
||
| 337 |
_asin mediación _bn _2rdamedia |
||
| 338 |
_avolumen _bnc _2rdacarrier |
||
| 490 | 0 | _aColección Orfeo | |
| 500 | _aIncluye datos biográficos del autor en la contracubierta | ||
| 590 | _aInventariado, 2018/BT | ||
| 650 | 4 |
_aPoesía dominicana _966 |
|
| 650 | 4 |
_aLiteratura dominicana. _967 |
|
| 700 | 1 |
_aGalván, José, _eprologuista _4pr. _922673 |
|
| 710 | 2 |
_aBiblioteca Nacional Pedro Henríquez Ureña _981292 |
|
| 910 | _aValidado. Control de calidad. MMOLINA | ||
| 942 |
_2ddc _cLF2 |
||
| 999 |
_c10082 _d10082 |
||